000
00338nam a2200145Ia 4500
008
240624s9999 xx 000 0 und d
041
_a
eng
082
_a
332.63 PIN
100
_a
PINTO JERALD E
245
_a
EQUITY ASSET VALUATION WORKBOOK
250
_a
(2nd ed.)
260
_c
2010
_a
Sons,2010
300
_a
128 : p.
365
_c
_b
30
999
_c
20175
_d
20175